Black Book Of English Vocabulary/ (Record no. 180484)

MARC details
000 -LEADER
fixed length control field 00513nam a22001937a 4500
005 - DATE AND TIME OF LATEST TRANSACTION
control field 20240813101800.0
010 ## - LCCN (DPL NO)
LC control number ENG-129714
020 ## - INTERNATIONAL STANDARD BOOK NUMBER
Terms of availability 320.00
International Standard Book Number 9788194476443
035 ## - SYSTEM CONTROL NUMBER
System control number EN-113246
037 ## - SOURCE OF ACQUISITION
Source of stock number/acquisition DBAD/PUB
082 ## - DEWEY DECIMAL CLASSIFICATION NUMBER
Classification number 488.24
100 ## - MAIN ENTRY--PERSONAL NAME
Personal name Gupta, Nikhil
245 ## - TITLE STATEMENT
Title Black Book Of English Vocabulary/
Statement of responsibility, etc By Nikhil Gupta
250 ## - EDITION STATEMENT
Edition statement 2021
260 ## - PUBLICATION, DISTRIBUTION, ETC. (IMPRINT)
Name of publisher, distributor, etc Gupta EduTech
Date of publication, distribution, etc 2021
270 ## - ADDRESS
Electronic mail address support@qmaths.in
300 ## - PHYSICAL DESCRIPTION
Extent 496 p.
Dimensions 24cm (pbk)
942 ## - ADDED ENTRY ELEMENTS (KOHA)
Source of classification or shelving scheme Dewey Decimal Classification
Item type English Books
Classification part 488.24
Call number prefix GUP
Holdings
Withdrawn status Lost status Not for loan Collection code Home library Current library Date acquired Source of acquisition Cost, normal purchase price Full call number Barcode Copy number Cost, replacement price Koha item type
      Non-fiction Patel Nagar Patel Nagar 10/08/2021 DBAD 320.00 488.24 GUP EN-113246 1 320.00 English Books

© Delhi Public Library
Hit Counter
free hit counter